Hegel : (Registro nro. 326527)

Detalles MARC
000 -ENCABEZADO
Número de control [NR] 01224nam a22002417a 4500
005 - FECHA Y HORA DE LA ÚLTIMA TRANSACCIÓN
control field 20260617142037.0
008 - DE LONGITUD FIJA DE DATOS DE ELEMENTOS - INFORMACIÓN GENERAL
Elementos de longitud fija [NR] 260617t2015 |||||||| |||| 00| 0 spa d
040 ## - FUENTE DE CATALOGACION [NR]
Agencia de catalogación original [NR] CO-BoUCM
Idioma de catalogación [NR] spa
Quien Cataloga Stefania Borbon
Quien Clasifica Stefania Borbon
041 ## - CODIGO DE IDIOMA [R]
Código de idioma para texto/pista de sonido o título separado [R] Español
100 ## - ASIENTO PRINCIPAL--NOMBRE PERSONAL [NR]
Nombre personal [NR] Gómez Pin, Víctor
ID Autoridad 131972
245 ## - MENCION DE TITULO [NR]
Título [NR] Hegel :
Parte restante del título [NR] lo real y lo racional /
Mención de responsabilidad, etc. [NR] Víctor Gómez Pin
260 ## - PUBLICACION, DISTRIBUCION, ETC. (PIE DE IMPRENTA) [R]
Lugar de publicación, distribución, etc. [R] Barcelona :
Nombre del editor, distribuidor, etc. [R] Batiscafo,
Fecha de publicación, distribución, etc. [R] 2015
300 ## - DESCRIPCION FISICA [R]
Extensión [R] 144 páginas
490 ## - MENCION DE SERIE [R]
Mención de serie [R] Descubrir la filosofía
520 #4 - NOTA DE RESUMEN, ETC. [R]
Nota de sumario, etc. [NR] Un estudio crítico y pedagógico sobre el sistema filosófico de Georg Wilhelm Friedrich Hegel. El autor aborda conceptos fundamentales como la contradicción, la identidad, la libertad y la razón absoluta, tratando de rescatar el valor del idealismo alemán y su influencia en el pensamiento contemporáneo a través de pasajes históricos clave como la Batalla de Jena y la fenomenología del espíritu.
600 14 - ASIENTO SECUNDARIO DE MATERIA - NOMBRE PERSONAL [R]
Nombre personal [NR] Hegel, Georg Wilhelm Friedrich,
Fechas asociadas con el nombre [NR] 1770-1831
Subdivisión general [R] Pensamiento filosófico
9 (RLIN) 63004
650 #4 - ASIENTO SECUNDARIO DE MATERIA - TERMINO TEMATICO [R]
Término temático o nombre geográfico como elemento de entrada [NR] Filosofía alemana
9 (RLIN) 7622
650 #4 - ASIENTO SECUNDARIO DE MATERIA - TERMINO TEMATICO [R]
Término temático o nombre geográfico como elemento de entrada [NR] Idealismo absoluto
9 (RLIN) 189739
650 #4 - ASIENTO SECUNDARIO DE MATERIA - TERMINO TEMATICO [R]
Término temático o nombre geográfico como elemento de entrada [NR] Dialéctica
9 (RLIN) 13168
700 1# - ASIENTO SECUNDARIO - NOMBRE PERSONAL [R]
Nombre personal [NR] García, Nacho
Término de relación [R] ilustrador
9 (RLIN) 189642
942 ## - ELEMENTOS DE ENTRADA AGREGADOS (KOHA)
Sistema de clasificación DEWEY
Tema principal Filosofía
Tipo de ítem principal el descrito en 300a Libro
Edición 1
Clasificación 193
Parte restante de la signatura top. G633h
Existencias
Fecha de último préstamo Total préstamos Signatura topográfica Código de barras Prestado Última vez visto Ejemplar Costo de reposición Price effective from Tipo de ítem Perdido Sistema de clasificación Dañado No prestable Tipo de ítem específico Suprimido Ubicación habitual Ubicación actual Localización Fecha de creación Forma de adquisición
18/06/2026 1 193 G633h 100175426 31/12/2026 18/06/2026 Ej.1 26000.00 17/06/2026 Libro   DEWEY     Libro   Claustro Claustro 2do piso 17/06/2026 Donación